[Event "Mestre Cipressina op-B 4th"]
[Site "Mestre"]
[Date "2015.11.27"]
[Round "1"]
[White "Sellati, Gabriele"]
[Black "Tencheni, Maurizio"]
[Result "0-1"]
[WhiteElo "1440"]
[BlackElo "1730"]
[PlyCount "74"]
[EventDate "2015.11.27"]
[EventType "swiss"]
[EventRounds "5"]
[EventCountry "ITA"]
[SourceTitle "EXT 2022"]
[Source "ChessBase"]
[SourceDate "2021.10.06"]
[SourceVersion "1"]
[SourceVersionDate "2021.10.06"]
[SourceQuality "1"]

1. e4 b6 2. Nf3 Bb7 3. d4 Bxe4 4. Be2 Nf6 5. Nc3 Bb7 6. 0-0 e6 7. Bd2 c5 8. a4 cxd4 9. Nxd4 Bc5 10. Ncb5 a6 11. b4 axb5 12. bxc5 bxa4 13. Nb5 0-0 14. Bf3 Bxf3 15. Qxf3 Nc6 16. Be3 Nd5 17. c4 Nxe3 18. Qxe3 bxc5 19. Qxc5 Ra5 20. Qe3 d5 21. Rad1 Ne7 22. Qc5 Qd7 23. Qb6 Raa8 24. Nc7 Rfb8 25. Qc5 Rc8 26. Qb6 Qxc7 27. Qxc7 Rxc7 28. cxd5 Nxd5 29. Rb1 a3 30. Rb3 a2 31. Ra1 Rc2 32. g4 Nc3 33. h4 Kf8 34. f4 Ne2+ 35. Kf2 Rc1 36. Rxa2 Rxa2 37. f5 Nd4+ 0-1